Tragedy and civilization : an interpretation of Sophocles /

Bibliographic Details
Main Author: Segal, Charles, 1936-2002
Format: Book
Language:English
Published: Cambridge, Mass. : Published for Oberlin College by Harvard University Press, 1981.
Series:Martin classical lectures ; v. 26.
Subjects:

MARC

Tag First Indicator Second Indicator Subfields
LEADER 00000pam a2200000 a 4500
001 in00000076232
005 20151008060506.0
008 800714s1981 mau b 00110 engm
010 |a  80019765  
020 |a 0674902068 
035 |a (OCoLC)06581637 
035 |9 AAJ5869AM 
040 |a DLC  |c DLC  |d m.c.  |d TXA  |d UtOrBLW 
049 |a TXAM  |c [801090] 
050 0 0 |a PA25  |b .M3 vol. 26  |a PA4417 
082 0 |a 937 s  |a 882/.01  |2 19 
100 1 |a Segal, Charles,  |d 1936-2002. 
245 1 0 |a Tragedy and civilization :  |b an interpretation of Sophocles /  |c Charles Segal. 
264 1 |a Cambridge, Mass. :  |b Published for Oberlin College by Harvard University Press,  |c 1981. 
300 |a xii, 506 pages ;  |c 24 cm. 
336 |a text  |b txt  |2 rdacontent 
337 |a unmediated  |b n  |2 rdamedia 
338 |a volume  |b nc  |2 rdacarrier 
490 1 |a Martin classical lectures ;  |v v. 26 
500 |a Includes indexes. 
504 |a Bibliography: pages 489-497. 
600 0 0 |a Sophocles  |x Criticism and interpretation. 
830 0 |a Martin classical lectures ;  |v v. 26. 
999 |a MARS 
999 f f |s 58f5d120-951c-3ec1-887e-876ad31444e9  |i fcc18f82-eaa6-3aa2-96e3-ba3544d4d270  |t 0 
952 f f |p normal  |a Texas A&M University  |b College Station  |c Sterling C. Evans Library  |d Evans: Library Stacks  |t 0  |e PA25 .M3 vol. 26  |h Library of Congress classification  |i unmediated -- volume  |m A14806172577 
998 f f |a PA25 .M3 vol. 26  |t 0  |l Evans: Library Stacks